Tratado de Bibliotecnia / (Registro nro. 143114)
[ vista simple ]
| 000 -LEADER | |
|---|---|
| campo de control de longitud fija | 00508nam a2200169 4500 |
| 001 - NÚMERO DE CONTROL | |
| campo de control | 143114 |
| 003 - IDENTIFICADOR DE NÚMERO DE CONTROL | |
| campo de control | ES-MaACL |
| 005 - FECHA Y HORA DE LA ÚLTIMA TRANSACCIÓN | |
| campo de control | 20230906200729.0 |
| 007 - CAMPO FIJO DE DESCRIPCIÓN FÍSICA--INFORMACIÓN GENERAL | |
| campo de control de longitud fija | t| |
| 008 - DATOS DE LONGITUD FIJA--INFORMACIÓN GENERAL | |
| campo de control de longitud fija | 070214s1944 ag r ||||1| spa d |
| 100 1# - ENTRADA PRINCIPAL--NOMBRE DE PERSONA | |
| Nombre de persona | Selva, Manuel. |
| 9 (RLIN) | 105352 |
| 245 10 - MENCIÓN DEL TÍTULO | |
| Título | Tratado de Bibliotecnia / |
| Mención de responsabilidad, etc. | Manuel Selva ; prólogo de Ernesto Nelson. |
| 260 ## - PUBLICACIÓN, DISTRIBUCIÓN, ETC. | |
| Lugar de publicación, distribución, etc. | Buenos Aires : |
| Nombre del editor, distribuidor, etc. | Julio Suárez, |
| Fecha de publicación, distribución, etc. | 1944 ( |
| Fabricante | J. Belmonte) |
| 300 ## - DESCRIPCIÓN FÍSICA | |
| Extensión | 2 v. ; |
| Dimensiones | 28 cm. |
| 700 1# - ENTRADA AGREGADA--NOMBRE PERSONAL | |
| Nombre de persona | Nelson, Ernesto. |
| 9 (RLIN) | 85364 |
| 852 ## - LOCALIZACIÓN | |
| Ubicación | ES-MaACL |
| Número de control de estantería | A-173-74 |
| Sublocalización o colección | R.26708 |
| Estatus retirado | Estado de pérdida | Estado de daño | No para préstamo | Biblioteca de origen | Biblioteca actual | Ubicación en estantería | Fecha de adquisición | Fuente de adquisición | Total de préstamos | Signatura topográfica completa | Código de barras | Visto por última vez | Precio de reemplazo | Tipo de ítem Koha |
|---|---|---|---|---|---|---|---|---|---|---|---|---|---|---|
| Biblioteca del Ateneo de Madrid | Biblioteca del Ateneo de Madrid | Sala Pecera Planta 1 | 17/01/2008 | A-173-74 | 1148902 | 23/02/2023 | 23/02/2023 | Libro impreso |
